Expresia rastlinných diacylglycerol acyltransferáz v kvasinke Yarrowia lipolytica

Saved in:
Bibliographic Details
Main Author: Forusová, Alexandra (Author)
Other Authors: Gajdoš, Peter (Thesis advisor)
Format: Manuscript Book
Language:Slovak
Published: 2023
Subjects:
Online Access:http://is.stuba.sk/zp/portal_zp.pl?podrobnosti=162458
Tags: Add Tag
No Tags, Be the first to tag this record!

MARC

LEADER 00000ntm a22000003a 4500
001 stuzp94383
003 SK-STU
005 20230909221941.1
007 ta
008 150427s2015----xo-----f-mn---000-0-slo-d
040 |a STU  |b slo 
041 0 |a slo 
100 1 |a Forusová, Alexandra  |u 044000  |4 aut  |U FCHPT Fakulta chemickej a potravinárskej technológie  |T FCHPT Ústav biotechnológie  |X 110618  |U C4000  |Y 102  |7 110618 
242 0 1 |a Expression of plant diacylglycerol acyltransferases in the yeast Yarrowia lipolytica  |y eng 
245 1 0 |a Expresia rastlinných diacylglycerol acyltransferáz v kvasinke Yarrowia lipolytica 
260 |c 2023 
650 4 |a Yarrowia lipolytica  |2 slo 
650 4 |a kyselina puniková  |2 slo 
650 4 |a PDAT  |2 slo 
650 4 |a LRO1  |2 slo 
650 4 |a Yarrowia lipolytica  |2 eng 
650 4 |a punicic acid  |2 eng 
650 4 |a PDAT  |2 eng 
650 4 |a LRO1  |2 eng 
700 1 |a Gajdoš, Peter  |u 044000  |k Z1  |4 ths  |U FCHPT Fakulta chemickej a potravinárskej technológie  |T FCHPT Ústav biotechnológie  |X 40394  |U C4000  |Y 102  |7 A000040394 
856 4 |u http://is.stuba.sk/zp/portal_zp.pl?podrobnosti=162458